ELECTRICAL MACHINES WINDER (Record no. 583453)

000 -LEADER
fixed length control field 00243nam a22001097a 4500
082 ## - DEWEY DECIMAL CLASSIFICATION NUMBER
Classification number 621.31042 VIN'E
100 ## - MAIN ENTRY--PERSONAL NAME
Personal name VINOGRADOV, N
9 (RLIN) 78313
245 ## - TITLE STATEMENT
Title ELECTRICAL MACHINES WINDER
260 ## - PUBLICATION, DISTRIBUTION, ETC.
Place of publication, distribution, etc. MOSCOW
Name of publisher, distributor, etc. MIR
Date of publication, distribution, etc. 1958
300 ## - PHYSICAL DESCRIPTION
Extent 400P
942 ## - ADDED ENTRY ELEMENTS (KOHA)
Koha item type Book
Holdings
Withdrawn status Lost status Damaged status Not for loan Permanent Location Current Location Shelving location Date acquired Total Checkouts Full call number Barcode Date last seen Price effective from Koha item type
        College of Electrical & Mechanical Engineering (CEME) College of Electrical & Mechanical Engineering (CEME) General Stacks 06/15/2017   621.31042 VIN'E CEME-8315 06/28/2021 06/28/2021 Book
© 2023 Central Library, National University of Sciences and Technology. All Rights Reserved.